01087cam a22002891 4500001001300000003000400013005001700017008004100034010001700075035001900092040005900111042001200170043001200182050002200194110004900216245017500265260002700440300002400467490002600491500003400517504002900551504006800580650003600648650002700684830006900711999001700780e 38000265 DLC20260227111227.0810709s1936 miu b s000 0 eng c ae 38000265  a(OCoLC)7567257 aU.S. Off. of Education. LibrarycMiMarqNdMiMarqNdDLC apremarc an-us-mi00aL162b.B3 no. 3011 aMichigan.bDepartment of Public Instruction.10aInstructional guide for elementary schools ...cPrepared by the committee, Paul T. Rankin, chairman. Published by Eugene B. Elliott, Superintendent of Public Instruction. aLansing, Mich.,c1936. a163, [1] p.c23 cm.1 aIts Bulletinvno. 301 aText continued on back cover. aIncludes bibliographies. a"General readings in elementary school teaching": p. [159]-160. 0aEducationzMichiganxCurricula. 0aEducation, Elementary. 0aBulletin (Michigan Department of Public Instruction) ;vno. 301. c21607d21607